Statistiques concernant Les 13 films de Kubrick

Cliquez ici pour prendre le quiz!

Statistiques générales

  • Ce quiz a été pris 743 fois
  • Le résultat moyen est 7 sur 13

Statistiques - réponses

AnnéeTitre% Correct
1971Orange mécanique
91%
1980Shining
86%
19682001, l'Odyssée de l'espace
83%
1999Eyes Wide Shut
75%
1987Full Metal Jacket
75%
1964Docteur Folamour
61%
1975Barry Lyndon
60%
1962Lolita
56%
1957Les Sentiers de la gloire
55%
1960Spartacus
47%
1956L'Ultime Razzia
23%
1955Le Baiser du tueur
16%
1953Fear and Desire
15%

Distribution des résultats

Percentile par nombre de réponses

% des personnes avec chaque résultat

Votre développement - résultats

Vous n’avez pas pris ce quiz